00567nam a2200157Ia 4500008004100000082002100041100002100062245002400083260004400107300000900151630001800160650008800178942000900266952011700275999001700392211109s9999||||xx |||||||||||||| ||und|| a894.81207bKER-C aKeralavarma, C R 0aChiriyum Karachilum bSahithya Pravarthaka...aKottayamc1963 a165p xGeneral Stack aMalayalam LiteraturevMalayalam PoetryChiriyum KarachilumLiterary TheoryxMalayalam cBOOK 00104070aSBCLbSBCLc2d2021-11-09g2.25l0o894.81207 KER-Cp00024758r2021-11-09 00:00:00w2021-11-09yBOOK c23997d23997